000 00415nam a2200169 i 4500
001 bg
245 0 _aFizika magnitnych dielektrikov.
260 _aLeningrad :
_bIzdat. "Nauka",
_c1974.
300 _as. 453, nlb. 2 :
_brys., tab.
500 _a[Alf. ros.].
504 _a[Zawiera bibliogr.].
040 _cBPK
041 _apol
080 _a621.318
942 _cKS
008 s pl f |000 0 pol
999 _c7698
_d7698
856 _uhttp://koha.tu.koszalin.pl/cgi-bin/koha/opac-detail.pl?biblionumber=7698
_yKatalog online BPK